000 00405nam a2200145Ia 4500
008 221030s9999 xx 000 0 und d
041 _aEnglish
082 _a105.23
_bWhi
100 _aJ. A. Whitson
245 0 _a500 Electronic IC Circuits with Practical Applications ( DEPARTMENTAL )
_cby J. A. Whitson
260 _bBPB Pub
_aNew Delhi
_c1989
300 _a340
650 _aECE Departmental
942 _cBK
999 _c647
_d647